| 000 | 01352nam a2200361 a 4500 | ||
|---|---|---|---|
| 001 | ebr10504415 | ||
| 003 | CaPaEBR | ||
| 006 | m u | ||
| 007 | cr cn||||||||| | ||
| 008 | 020521s2003 enka sb 001 0 eng d | ||
| 010 | _z 2002107097 | ||
| 020 | _z0761949682 (pbk.) | ||
| 020 | _z9780761949695 | ||
| 020 | _z9781412932943 (e-book) | ||
| 040 |
_aCaPaEBR _cCaPaEBR |
||
| 035 | _a(OCoLC)70774153 | ||
| 050 | 1 | 4 |
_aRC481 _b.M43 2003eb |
| 082 | 0 | 4 |
_a616.89/14 _221 |
| 100 | 1 | _aMearns, Dave. | |
| 245 | 1 | 0 |
_aDeveloping person-centred counselling _h[electronic resource] / _cDavid Mearns. |
| 250 | _a2nd ed. | ||
| 260 |
_aLondon ; _aThousand Oaks [Calif.] : _bSage Publications, _c2003. |
||
| 300 |
_axvi, 143 p. : _bill. |
||
| 490 | 1 | _aSage developing counselling series | |
| 504 | _aIncludes bibliographical references (p. [129]-134) and index. | ||
| 533 |
_aElectronic reproduction. _bPalo Alto, Calif. : _cebrary, _d2011. _nAvailable via World Wide Web. _nAccess may be limited to ebrary affiliated libraries. |
||
| 650 | 0 | _aClient-centered psychotherapy. | |
| 650 | 0 | _aCounseling. | |
| 655 | 7 |
_aElectronic books. _2local |
|
| 710 | 2 | _aebrary, Inc. | |
| 830 | 0 | _aDeveloping counselling. | |
| 856 | 4 | 0 |
_uhttp://site.ebrary.com/lib/rucke/Doc?id=10504415 _zAn electronic book accessible through the World Wide Web; click to view |
| 999 |
_c113698 _d113698 |
||